South Eastern Kenya University

Library Online Public Access Catalogue


Study guide to accompany principles of Microeconomics (Record no. 8105)

MARC details
000 -LEADER
fixed length control field 00385nam a22001577a 4500
020 ## - INTERNATIONAL STANDARD BOOK NUMBER
International Standard Book Number 0321084497
050 ## - LIBRARY OF CONGRESS CALL NUMBER
Classification number HB 172.5
Item number .R9 2001
100 ## - MAIN ENTRY--PERSONAL NAME
Personal name Ruffin Roy
245 ## - TITLE STATEMENT
Title Principles of Microeconomics
250 ## - EDITION STATEMENT
Edition statement 7th ed.
260 ## - PUBLICATION, DISTRIBUTION, ETC. (IMPRINT)
Place of publication, distribution, etc. Newyork:
Name of publisher, distributor, etc. Addison Wesley,
Date of publication, distribution, etc. 2001.
300 ## - PHYSICAL DESCRIPTION
Extent 266p.
650 ## - SUBJECT ADDED ENTRY--TOPICAL TERM
Topical term following geographic name as entry element microeconomics
General subdivision microeconomics
700 ## - ADDED ENTRY--PERSONAL NAME
Personal name Paul R.Gregory
942 ## - ADDED ENTRY ELEMENTS (KOHA)
Source of classification or shelving scheme Library of Congress Classification
Koha item type General circulation
Holdings
Withdrawn status Lost status Source of classification or shelving scheme Damaged status Not for loan Home library Current library Date acquired Total Checkouts Full call number Barcode Date last seen Date last checked out Price effective from Koha item type
    Library of Congress Classification     Main Campus Library Main Campus Library 27/07/2017 1 HB 172.5 .R9 2001 2015/006599 08/11/2019 25/09/2019 27/07/2017 General circulation
Kitui, Kenya.
+254736116989
library@seku.ac.ke